000 00387nam a2200133Ia 4500
008 220217s9999 xx 000 0 und d
245 0 _aSpecification for rubber protective sheaths (Condoms)
260 _aNew Delhi
260 _c1966
_bISI
490 _aMedical Rubber Goods Sumcommittee, CDC 6:7
500 _aStandard number: IS 3701
650 _aRubber goods, Medical
942 _cST
999 _c73746
_d73746